000 00439nam a2200169 a 4500
001 0000-8857
003 ELIB.Books
008 110520 1981
035 _a(ELIB.Books)0000-9003
082 _a242
_bSmi
100 _aSmith, Linda Gramatky
245 _aTimeless truths Priceless Promises
260 _bMinneapolis: Grason
_c1981
650 _aDevotional Theology
942 _2ddc
_cBK
998 _cbat
_e2011-05-20
999 _c8857
_d8857